Histoire des français (Registro nro. 37313)

Detalles MARC
000 -ENCABEZADO
Número de control [NR] 02106nam a2200277Ia 4500
008 - DE LONGITUD FIJA DE DATOS DE ELEMENTOS - INFORMACIÓN GENERAL
Elementos de longitud fija [NR] 130821s1901 fr gr fre
040 ## - FUENTE DE CATALOGACION [NR]
Agencia de catalogación original [NR] Co-BoUCM
Idioma de catalogación [NR] spa
041 0# - CODIGO DE IDIOMA [R]
Código de idioma para texto/pista de sonido o título separado [R] Francés
092 ## - SIGNATURA TOPOGRAFICA LOCAL
Número de clasificación local E20N026
100 1# - ASIENTO PRINCIPAL--NOMBRE PERSONAL [NR]
Nombre personal [NR] Lavallée, Théophile
Fechas asociadas con el nombre [NR] 1804-1866
242 00 - TRADUCCION DEL TITULO POR LA AGENCIA CATALOGADORA [R]
Título [NR] Histoire des français
Parte restante del título [NR] depuis les temps des gaulois jusqu' à nos jours
Mención de responsabilidad, etc. [NR] par Teófilo Lavallée ; Developpée de 1814 à 1848 et continuée, sur le mème plan, jusq' en 1901 par MM. Frédéric Lock et Maurice Dreyfous
Número de la parte o sección [R] Tome septième
Código de idioma del título traducido [NR] spa
245 10 - MENCION DE TITULO [NR]
Título [NR] Histoire des français
Parte restante del título [NR] depuis les temps des gaulois jusqu' à nos jours
Mención de responsabilidad, etc. [NR] parThéphile Lavallée ; Developpée de 1814 à 1848 et continuée, sur le mème plan, jusq' en 1901 par MM. Frédéric Lock et Maurice Dreyfous
Número de la parte/sección de la obra [R] Tome septième.
246 13 - FORMA VARIANTE DEL TITULO [R]
Título propiamente dicho/forma breve del título [NR] [Histoire des français
Parte restante del título [NR] depuis les temps des gaulois jusqu' à nos jours ; Developpée de 1814 à 1848 et continuée, sur le mème plan, jusq' en 1901 par MM. Frédéric Lock et Maurice Dreyfous
Número de la parte/sección de la obra [R] Tome septième]
260 ## - PUBLICACION, DISTRIBUCION, ETC. (PIE DE IMPRENTA) [R]
Lugar de publicación, distribución, etc. [R] París (Francia)
Nombre del editor, distribuidor, etc. [R] Bibliothèque-Charpentier
Fecha de publicación, distribución, etc. [R] 1901
300 ## - DESCRIPCION FISICA [R]
Extensión [R] 691 páginas
500 ## - NOTA GENERAL [R]
Nota general [NR] Detalles físicos: Encuadernación rígida en cartón duro forrado en tela texturizada, lomo con tejuelo de piel negro, letras y líneas decorativas en dorado. Conserva guardas, anteportada y portada impresa a una sola tinta. Texto impreso, en una sola columna, con algunas notas de pie de página. Cortes decorados de color azul, con visibles manchas de humedad, papel con amarillamiento. Ejemplar en buen estado de conservación. En la portada un sello de tinta que dice: "El Colegio de Nuestra Señora del Rosario". En la guarda posterior (contratapa), un pequeño sello en inglés que dice: "Encuadernado por Mudie".
500 ## - NOTA GENERAL [R]
Nota general [NR] Incluye índice.
506 ## - NOTA DE RESTRICCIONES DE ACCESO [R]
Condiciones de acceso [NR] Consulta en sala.
650 04 - ASIENTO SECUNDARIO DE MATERIA - TERMINO TEMATICO [R]
Término temático o nombre geográfico como elemento de entrada [NR] Historia de Europa
9 (RLIN) 26509
651 #4 - ASIENTO SECUNDARIO DE MATERIA - NOMBRE GEOGRAFICO [R]
Nombre geográfico [NR] Francia
Subdivisión general [R] Historia
Subdivisión cronológica [R] Siglo XIX
9 (RLIN) 26969
651 #4 - ASIENTO SECUNDARIO DE MATERIA - NOMBRE GEOGRAFICO [R]
Nombre geográfico [NR] Francia
Subdivisión general [R] Política y gobierno
-- Historia
9 (RLIN) 26969
700 1# - ASIENTO SECUNDARIO - NOMBRE PERSONAL [R]
Nombre personal [NR] Dreyfus, Mauricio
700 1# - ASIENTO SECUNDARIO - NOMBRE PERSONAL [R]
Nombre personal [NR] Lock, Frédéric
Fechas asociadas con el nombre [NR] 1813-1876
942 ## - ELEMENTOS DE ENTRADA AGREGADOS (KOHA)
Tipo de ítem principal el descrito en 300a Libro
Tema principal Historia
Edición 1
Sistema de clasificación DEWEY
Clasificación 320.4724406
Existencias
Total préstamos Código de barras Última vez visto Volúmen / Fascículo Ejemplar Price effective from Tipo de ítem Perdido Sistema de clasificación Dañado No prestable Tipo de ítem específico Suprimido Ubicación habitual Ubicación actual Localización Fecha de creación Forma de adquisición Costo
  L002985 15/12/2012 E20N026 V.7 Ej.1 03/02/2013 Libro   DEWEY     Libro archivo     Archivo Histórico Archivo histórico 28/02/2014 Donación 0.00